Folytatódik a verseny Minőség, takarékosság

Elmentve itt :
Bibliográfiai részletek
Dokumentumtípus: Cikk
Megjelent: 1978-03-07
Sorozat:Délmagyarország 68 No. 56
Kulcsszavak:Ecset és Seprűgyár
Online Access:http://dmarchiv.bibl.u-szeged.hu/106147
LEADER 00429nab a2200145 i 4500
001 delm106147
005 20190520111524.0
008 190520s1978 hu o 0|| hun d
040 |a SZTE Délmagyarország Archívum  |b hun 
041 |a hun 
245 0 0 |a Folytatódik a verseny   |h [elektronikus dokumentum] :  |b Minőség, takarékosság 
260 |c 1978-03-07 
300 |a 1 
490 0 |a Délmagyarország  |v 68 No. 56 
695 |a Ecset és Seprűgyár